Famous Characters Named Dan, Danny, or Daniel - Statistics

General Stats
  • This quiz has been taken 13 times
  • The average score is 5 of 10
Answer Stats
Character's Name TV Show or Movie % Correct
Danny Ocean Ocean's 11
100%
Danny Tanner Full House
83%
Lieutenant Dan Taylor Forrest Gump
67%
Danny Zuko Grease
58%
Dan Conner Roseanne
58%
Daniel Larusso The Karate Kid
58%
Danny Torrence The Shining
33%
Dan Humphrey Gossip Girl
8%
Danny DeVoto It's Always Sunny in Philadelphia
8%
Daniel Hillard Mrs. Doubtfire
8%
No matching quizzes found
Score Distribution
Percent of People with Each Score
Percentile by Number Answered
Your Score History
You have not taken this quiz